MARC details
| 000 -LEADER |
| fixed length control field |
01897cam a22003854i 4500 |
| 001 - CONTROL NUMBER |
| control field |
39108524 |
| 003 - CONTROL NUMBER IDENTIFIER |
| control field |
OCoLC |
| 005 - DATE AND TIME OF LATEST TRANSACTION |
| control field |
20241126110732.0 |
| 008 - FIXED-LENGTH DATA ELEMENTS--GENERAL INFORMATION |
| fixed length control field |
980410s1998 waub j b 000 0beng |
| 010 ## - |
| -- |
98007287 |
| 020 ## - INTERNATIONAL STANDARD BOOK NUMBER |
| International Standard Book Number |
1576580172 |
| 040 ## - CATALOGING SOURCE |
| Original cataloging agency |
DLC |
| Language of cataloging |
eng |
| Description conventions |
rda |
| Transcribing agency |
DLC |
| Modifying agency |
OCL |
| 043 ## - |
| -- |
s-ec--- |
| -- |
n-us--- |
| 050 00 - |
| -- |
BV2853.E3 |
| -- |
S33 1998 |
| 082 00 - DEWEY DECIMAL CLASSIFICATION NUMBER |
| Classification number |
266.0092 |
| -- |
B |
| Item number |
BEN |
| 100 1# - MAIN ENTRY--PERSONAL NAME |
| Personal name |
Benge, Janet, |
| Dates associated with a name |
1958- |
| Authority record control number or standard number |
https://id.loc.gov/authorities/names/n96030310 |
| 9 (RLIN) |
17368 |
| 245 10 - TITLE STATEMENT |
| Title |
Nate Saint : |
| Remainder of title |
on a wing and a prayer / |
| Statement of responsibility, etc. |
Janet and Geoff Benge. |
| 264 #1 - PRODUCTION, PUBLICATION, DISTRIBUTION, MANUFACTURE, AND COPYRIGHT NOTICE |
| Place of production, publication, distribution, manufacture |
Seattle, WA. : |
| Name of producer, publisher, distributor, manufacturer |
YWAM Pub., |
| Date of production, publication, distribution, manufacture, or copyright notice |
[1998] |
| 264 #4 - PRODUCTION, PUBLICATION, DISTRIBUTION, MANUFACTURE, AND COPYRIGHT NOTICE |
| Date of production, publication, distribution, manufacture, or copyright notice |
℗♭1998 |
| 300 ## - PHYSICAL DESCRIPTION |
| Extent |
201 pages : |
| Other physical details |
1 map ; |
| Dimensions |
21 cm. |
| 336 ## - CONTENT TYPE |
| Content type term |
text |
| Content type code |
txt |
| Source |
rdacontent |
| 337 ## - MEDIA TYPE |
| Media type term |
unmediated |
| Media type code |
n |
| Source |
rdamedia |
| 338 ## - CARRIER TYPE |
| Carrier type term |
volume |
| Carrier type code |
nc |
| Source |
rdacarrier |
| 385 ## - AUDIENCE CHARACTERISTICS |
| Demographic group code |
age |
| Audience term |
Children |
| Source |
lcdgt |
| 490 1# - SERIES STATEMENT |
| Series statement |
Christian heroes, then & now |
| 504 ## - BIBLIOGRAPHY, ETC. NOTE |
| Bibliography, etc. note |
Includes bibliographical references (p. 201). |
| 520 ## - SUMMARY, ETC. |
| Summary, etc. |
A biography of the American pilot who served Christian missionaries in Ecuador's jungles until his death at the hands of Auca Indians in 1956. |
| 600 10 - SUBJECT ADDED ENTRY--PERSONAL NAME |
| Personal name |
Saint, Nathaniel, |
| Dates associated with a name |
1923-1956. |
| Authority record control number or standard number |
https://id.loc.gov/authorities/names/n85185613 |
| Form subdivision |
Juvenile literature. |
| Authority record control number or standard number |
https://id.loc.gov/authorities/subjects/sh99001674 |
| 9 (RLIN) |
18157 |
| 650 #0 - SUBJECT ADDED ENTRY--TOPICAL TERM |
| Topical term or geographic name entry element |
Missionaries |
| Geographic subdivision |
Ecuador |
| Form subdivision |
Biography |
| Authority record control number or standard number |
https://id.loc.gov/authorities/subjects/sh2010102112 |
| Form subdivision |
Juvenile literature. |
| Authority record control number or standard number |
https://id.loc.gov/authorities/subjects/sh99001674 |
| 9 (RLIN) |
18158 |
| 650 #0 - SUBJECT ADDED ENTRY--TOPICAL TERM |
| Topical term or geographic name entry element |
Missionaries |
| Geographic subdivision |
United States |
| Form subdivision |
Biography |
| -- |
Juvenile literature. |
| Authority record control number or standard number |
https://id.loc.gov/authorities/subjects/sh2010102131 |
| 9 (RLIN) |
18159 |
| 655 #7 - INDEX TERM--GENRE/FORM |
| Genre/form data or focus term |
Biographies. |
| Source of term |
lcgft |
| Authority record control number or standard number |
https://id.loc.gov/authorities/genreForms/gf2014026049 |
| 9 (RLIN) |
15724 |
| 700 1# - ADDED ENTRY--PERSONAL NAME |
| Personal name |
Benge, Geoff, |
| Dates associated with a name |
1954- |
| Authority record control number or standard number |
https://id.loc.gov/authorities/names/n96030313 |
| 9 (RLIN) |
17373 |
| 830 #0 - |
| -- |
Christian heroes, then & now. |
| -- |
https://id.loc.gov/authorities/names/n98034784 |
| -- |
17374 |
| 942 ## - ADDED ENTRY ELEMENTS (KOHA) |
| Source of classification or shelving scheme |
Dewey Decimal Classification |
| Koha item type |
Books |